LIBRARY & INFORMATION CENTRE, KCAET, TAVANUR

ONLINE PUBLIC ACCESS CATALOGUE (OPAC)

Objective Forestry For Competitive Examinations (Record no. 14341)

MARC details
000 -LEADER
fixed length control field 00413nam a22001577a 4500
020 ## - INTERNATIONAL STANDARD BOOK NUMBER
ISBN 9788172338770
082 ## - DEWEY DECIMAL CLASSIFICATION NUMBER
Classification number 630
Item number PAR/OB
100 ## - MAIN ENTRY--AUTHOR NAME
Personal name Prathiban,K.T
100 ## - MAIN ENTRY--AUTHOR NAME
Personal name Vennila,S
100 ## - MAIN ENTRY--AUTHOR NAME
Personal name Umesh Kanna,S
100 ## - MAIN ENTRY--AUTHOR NAME
Personal name Durairasu,P
245 ## - TITLE STATEMENT
Title Objective Forestry For Competitive Examinations
260 ## - PUBLICATION, DISTRIBUTION, ETC. (IMPRINT)
Place of publication New Delhi
Name of publisher Scientific Publishers(India)
Year of publication 2014
300 ## - PHYSICAL DESCRIPTION
Number of Pages 266
942 ## - ADDED ENTRY ELEMENTS (KOHA)
Koha item type Books
Holdings
Withdrawn status Lost status Damaged status Collection code Home library Current library Shelving location Date acquired Source of acquisition Cost, normal purchase price Full call number Accession Number Koha item type
        KAUAET KAUAET General Stacks 17/06/2016 Aman Book Stall Calicut 250.00 630 PAR/OB 24669 Books
free website counter